Billy Taylor segments : Charlie Parker's 'confirmation' /

This video is a performance segment by Billy Taylor and his orchestra from the TV series Tony Brown's Journal. The segment has a short introduction by Taylor to the composition by Charlie Parker that the orchestra plays.

Bibliographic Details
Main Author: Parker, Charlie, 1920-1955 (Composer)
Other Authors: Taylor, Billy, 1921-2010 (Conductor)
Format: Video
Language:English
Language Notes:This edition in English.
Published: New York : Tony Brown Productions Incorporated, 1980.
Series:Black studies in video
Tony Brown's Journal
Subjects:
Online Access:Connect to this streaming video (Alexander Street Press)

MARC

Tag First Indicator Second Indicator Subfields
LEADER 00000cgm a22000003a 4500
001 in00003750021
006 m|||||o||c||||||||
007 cr |za|||||||a
007 vz |zazu|
008 140328s1980 nyu005 g o vleng d
005 20260324205641.7
035 |a (OCoLC)881547226 
035 |a ASP2091531/blsv 
040 |a VaAlASP  |c VaAlASP  |d UtOrBLW 
245 0 0 |a Billy Taylor segments :  |b Charlie Parker's 'confirmation' /  |c by Tony Brown Productions Incorporated. 
246 1 3 |a Billy Taylor Segments: Charlie Parker's 'Confirmation' 
264 1 |a New York :  |b Tony Brown Productions Incorporated,  |c 1980. 
300 |a 1 online resource (5 min.). 
306 |a 000446 
336 |a two-dimensional moving image  |b tdi  |2 rdacontent 
337 |a computer  |b c  |2 rdamedia 
337 |a video  |b v  |2 rdamedia 
338 |a online resource  |b cr  |2 rdacarrier 
338 |a other  |b vz  |2 rdacarrier 
490 0 |a Black studies in video 
490 0 |a Tony Brown's Journal 
500 |a Title from resource description page (viewed March 28, 2014). 
520 |a This video is a performance segment by Billy Taylor and his orchestra from the TV series Tony Brown's Journal. The segment has a short introduction by Taylor to the composition by Charlie Parker that the orchestra plays. 
530 |a Previously released as DVD. 
546 |a This edition in English. 
500 |a Electronic resource. 
600 1 0 |a Parker, Charlie,  |d 1920-1955.  |0 http://id.loc.gov/authorities/names/n50050327 
650 0 |a African Americans  |v Music.  |0 http://id.loc.gov/authorities/subjects/sh85001968 
655 7 |a Internet videos.  |2 lcgft  |0 http://id.loc.gov/authorities/genreForms/gf2011026337 
655 7 |a Televised performances.  |2 lcgft  |0 http://id.loc.gov/authorities/genreForms/gf2011026646 
700 1 |a Taylor, Billy,  |d 1921-2010,  |e conductor.  |0 http://id.loc.gov/authorities/names/n82152222 
700 1 |a Parker, Charlie,  |d 1920-1955,  |e composer.  |0 http://id.loc.gov/authorities/names/n50050327 
856 4 0 |u http://proxy.library.tamu.edu/login?url=https://www.aspresolver.com/aspresolver.asp?BLSV;2091531  |z Connect to this streaming video (Alexander Street Press)  |t 0 
999 f f |s 0e2dcabd-fd13-347b-83f1-0a30b9372e7b  |i 8cf7985b-bac1-3215-9bed-1427649d3f50  |t 0 
952 f f |a Texas A&M University  |b College Station  |c Electronic Resources  |s www_evans  |d Available Online  |t 0  |h No information provided 
998 f f |t 0  |l Available Online